Responses for show #7245 - Friday, February 26, 2016

Contestants

Bill Murphy, an emergency physician from Laguna Beach, California

David Bradley, an author from Atlanta, Georgia

Chris Giglio, a Naval officer from Virginia Beach, Virginia (whose 1-day cash winnings total $25,800)

Jeopardy! Round responses

BIG-SCREEN ELVIS
IN THE STATE NICKNAME
GET A HANDLE ON IT
QUIZINE
LITERARY MILITARY
4-LETTER FRIENDS
    $200 12
New Orleans

Chris
    $200 7
Keystone

Bill
    $200 17
an attaché

David
    $200 30
margarine

David
    $200 1
MASH

David
    $200 16
a gang

Chris
    $400 3
Jailhouse Rock

David
    $400 8
Prairie

Bill
    $400 18
the iron

David
    $400 29
hors d'oeuvre

Bill
    $400 2
Redeployment

David
    $400 22
buds

Bill
    $600 4
boxing

David
    $600 9
Cowboy

David
    $600 19
the Big Dipper

Triple Stumper
    $600 28
a turkey

David
    $600 13
(Chris: What is midshipman?)

captain

ChrisDavid
    $600 23
Crew

Bill
    $800 5
Blue Hawaii

David
    $800 10
Treasure

Bill
    $800 20
a cat-o'-nine-tails

David
    $1,600 26
(Alex: You worked that one through nicely.)

a passion fruit

Chris
    $800 14
From Here to Eternity

David
    $800 24
ally

Chris
    $1000 6
Habit

Bill
    $1000 11
(Bill: What is Prairie Dog?)

Coyote

Bill
Triple Stumper
    $1000 21
a broomstick

Bill
    $1000 27
shrimp scampi

Chris
    $1000 15
A Farewell to Arms

Bill
    $1000 25
chum

Chris

Scores at the first commercial break (after clue 15):

Chris David Bill
-$400 $4,400 $2,400

Scores at the end of the Jeopardy! Round:

Chris David Bill
$4,200 $6,600 $4,800

Double Jeopardy! Round responses

WIDE WORLD OF PORTS
VICE PRESIDENTS
REPORTAGE
CELEBRITY MEMOIRS
ART & ARTISTS
THE 3 I's HAVE IT
    $400 5
Nassau

Chris
    $400 6
John Adams & Tom Jefferson

David
    $400 12
(Alex: [Introducing the clue] Here's a New York Times reporter with the clue.)

air bags

Bill
    $400 27
Tina Fey

David
    $400 30
the Magi

David
    $400 24
a Philistine

David
    $800 4
Los Angeles, Long Beach

Chris
    $800 7
[ERRATUM: The clue was missing an opening single quote before "How" but had one after the question mark, as shown.]

(Dick) Cheney

Bill
    $800 11
Lady Diana (Princess Diana)

Bill
    $800 16
Roger Ebert

David
    $800 25
the New Deal

Chris
    $800 20
appendicitis

Chris
    $1200 3
(Bill: What is Le Harve?)
[Initially accepted as correct; reversed before Daily Double at clue 8 for mispronunciation]

Le Havre

Bill
Triple Stumper
    $3,000 8
Teddy Roosevelt (or Nelson Rockefeller)

Bill
    $1200 13
a source

Bill
    $1200 17
Leonard Nimoy

David
    $1200 26
(David: Who are the Wyeths?)

the Guggenheims

DavidBill
    $1200 21
invisible

Bill
    $1600 2
Incheon

Chris
    $1600 9
Tyler

Chris
    $1600 14
the Associated Press

David
    $1600 18
(David: Who's Joan Lunden?)

Robin Roberts

David
Triple Stumper
    $1600 28
the ecstasy

Chris
    $1600 22
vicinity

Chris
    $2000 1
Eilat

Triple Stumper
    $2000 10
(David: Uh, who's Clinton?)
(Alex: Be more specific. I need a first--)

George Clinton

David
    $2000 15
Russia

David
    $2,000 19
[Just before David gave the name of the band in his response, Alex interrupted him with affirmation of his correct response.]

Ann & Nancy Wilson (of Heart)

David
    $2000 29
Andrew Wyeth

Triple Stumper
    $2000 23
intrinsic

David

Scores at the end of the Double Jeopardy! Round:

Chris David Bill
$13,400 $17,000 $12,200

[wagering suggestions for these scores]

Final Jeopardy! Round responses

CLASSICAL MUSIC
BillWhat is the long march
$2,000
ChrisWhat is Pomp & Circumstance
$13,400
DavidWhat is Pomp and Circumstance?
$10,000
"Pomp and Circumstance"

Final scores:

Chris David Bill
$26,800 $27,000 $10,200
2nd place: $2,000 New champion: $27,000 3rd place: $1,000

Game dynamics:

Coryat scores:

Chris David Bill
$12,600 $17,000 $10,400
14 R
(including 1 DD),
1 W
24 R
(including 1 DD),
2 W
16 R
(including 1 DD),
2 W

Combined Coryat: $40,000

The J! Archive is created by fans, for fans. The Jeopardy! game show and all elements thereof, including but not limited to copyright and trademark thereto, are the property of Jeopardy Productions, Inc. and are protected under law. This website is not affiliated with, sponsored by, or operated by Jeopardy Productions, Inc. Join the discussion at JBoard.tv.